Helping employees understand investment risk. / (Record no. 8381)
[ view plain ]
| 000 -LEADER | |
|---|---|
| fixed length control field | 01456cam a2200289 a 4500 |
| 001 - CONTROL NUMBER | |
| control field | 12128341 |
| 003 - CONTROL NUMBER IDENTIFIER | |
| control field | OSt |
| 005 - DATE AND TIME OF LATEST TRANSACTION | |
| control field | 20220112123056.0 |
| 008 - FIXED-LENGTH DATA ELEMENTS--GENERAL INFORMATION | |
| fixed length control field | 000802s2000 sz a b i001 0 eng |
| 010 ## - LIBRARY OF CONGRESS CONTROL NUMBER | |
| LC control number | 00393455 |
| 020 ## - INTERNATIONAL STANDARD BOOK NUMBER | |
| International Standard Book Number | 188512306X |
| 040 ## - CATALOGING SOURCE | |
| Original cataloging agency | DLC |
| Transcribing agency | DLC |
| Modifying agency | DLC |
| 050 00 - LIBRARY OF CONGRESS CALL NUMBER | |
| Classification number | HG4910.H48 |
| 082 00 - DEWEY DECIMAL CLASSIFICATION NUMBER | |
| Classification number | 332.67/8 |
| 245 00 - TITLE STATEMENT | |
| Title | Helping employees understand investment risk. / |
| Statement of responsibility, etc. | Complied by: Ruth Hughes-Guden and Drew W. Demakis |
| 246 ## - VARYING FORM OF TITLE | |
| Title proper/short title | A primer for asset allocation decisions |
| 260 ## - PUBLICATION, DISTRIBUTION, ETC. | |
| Place of publication, distribution, etc. | Washington Depot, CT: |
| Name of publisher, distributor, etc. | Investors Press, |
| Date of publication, distribution, etc. | 1996. |
| 300 ## - PHYSICAL DESCRIPTION | |
| Extent | 127 p. : |
| Other physical details | ill. ; |
| 505 ## - FORMATTED CONTENTS NOTE | |
| Formatted contents note | Contents: Introduction -- The Psychologies of risk -- Pictures of risk for the DC Investor -- How to educate employees about investment risk: what works, what doesn't, what plan sponsors need to think about -- How to build a successful communications and education program: problems plan sponsors share -- How to solve the problems -- How to get your employees' attention -- How to educate employees' about investment risk: separate the myths from the realities -- How to communicate core investment concepts -- The Big picture: Mapping your strategy -- |
| 653 ## - INDEX TERM--UNCONTROLLED | |
| Uncontrolled term | Investments. |
| 653 ## - INDEX TERM--UNCONTROLLED | |
| Uncontrolled term | Risk. |
| 700 ## - ADDED ENTRY--PERSONAL NAME | |
| Fuller form of name | Hughes-Guden, Ruth |
| 700 ## - ADDED ENTRY--PERSONAL NAME | |
| Fuller form of name | Demakis, Drew W. |
| 906 ## - LOCAL DATA ELEMENT F, LDF (RLIN) | |
| a | 7 |
| b | cbc |
| c | orignew |
| d | 3 |
| e | ncip |
| f | 20 |
| g | y-gencatlg |
| 942 ## - ADDED ENTRY ELEMENTS (KOHA) | |
| Source of classification or shelving scheme | Library of Congress Classification |
| Koha item type | Books |
| Withdrawn status | Lost status | Source of classification or shelving scheme | Damaged status | Not for loan | Home library | Current library | Shelving location | Date acquired | Full call number | Barcode | Date last seen | Price effective from | Koha item type |
|---|---|---|---|---|---|---|---|---|---|---|---|---|---|
| Library of Congress Classification | WISCONSIN INTERNATIONAL UNIVERSITY COLLEGE, GHANA KUMASI LIBRARY | WISCONSIN INTERNATIONAL UNIVERSITY COLLEGE, GHANA KUMASI LIBRARY | General Stacks | 11/01/2022 | HG4910.H48 | K/302/302/19 | 11/01/2022 | 11/01/2022 | Books |
